00413nam a2200157Ia 4500008004100000020001500041041001200056082001600068100002000084245006600104250000800170260003900178300000700217650001500224700001600239221030s9999 xx 000 0 und d a8120003500 aEnglish a105.23bVas aV. P. Vasandani 0aTreatise on Heat Engineeringcby V. P. Vasandani, D. S. Kumar a4th bMetropolitan Pub.aNew Delhic2000 a24 aMechanical aD. S. Kumar